01495cam a22002654a 4500999001700000001000900017005001700026008004100043010001700084020004000101042000800141050002400149100003000173245016500203260004800368300003400416504006400450520040400514650003600918650003600954650002100990856007801011942001501089952012501104 c26626d266261401860520170206083949.0050628s2005 ncua b 001 0 eng  a 2005016990 a0786422114 (softcover : alk. paper) apcc00aND1158 .S36L53 20051 aLibaw, William H.,d1923-10aPainting in a world transformed :bhow modern art reflects our conflicting responses to science and change /cby William H. Libaw ; foreword by Michael Shermer. aJefferson, N.C. :bMcFarland & Co.,cc2005. axii, 268 p. :bill. ;c23 cm. aIncludes bibliographical references (p. 255-262) and index. a"This book shows how painting since the mid-1800s has reflected Western society's mixed feelings about the transformations in our world produced by science and technology. Neither a chronicle of the development of modern art nor a history of the modern era, it instead discusses how artists have represented feelings and ideas about the technological changes of modern times"--Provided by publisher. 0aPainting, Moderny19th century. 0aPainting, Moderny20th century. 0aArt and science.413Table of contentsuhttp://www.loc.gov/catdir/toc/ecip0515/2005016990.html 2lcccBOOKS 00102lcc4070aMUCbMUCcTECHd2017-02-06eDonation(BFA)l0oND1158 .S36L53 2005p33946r2018-07-11w2017-02-06yBOOKS